00433cam a22001097a 4500008004000000082002900040100002500069245010200094260005800196300001100254440005800265180718b1972 xxu||||| |||| 00| 0 eng d aA81x54 In2/71/19/PT10A/R aCensus of India 1971 aTamil Nadu district census handbook, Ramanathapuram: village and townwise primary census abstract aMadrasbThe Director of Stationery and Printingc1972 a287+p. aCensus of India 1971. Series-19, Tamil Nadu. Part X-A